000 00888cam a2200241 a 4500
001 4255286
003 OSt
005 20131121213003.0
008 831215s1980 es f000 0 spa
040 _aDLC
_cBMC
082 _a972.84053
082 _a355.0213
082 _a355.7284026
110 1 _99739
_aEl Salvador
_tLeyes, etc. militares
245 1 0 _aProclama de la Fuerza Armada de El Salvador del 15 de octubre de 1979
_b: y Decretos nos. 1, 7, 114, 75, 157, 68, 9, 153, 154, 158, 166, 159, de la Junta Revolucionaria de Gobierno.
260 _aSan Salvador
_bMinisterio del Interior ; El Salvador
_c1980
300 _a144 p.
_c17 cm
490 _aPublicaciones del Ministerio del Interior
650 2 4 _aMilitarismo
_99181
651 4 _99367
_aEl Salvador
_xHistoria
_y1979 (Golpe de Estado)
710 1 _aEl Salvador
_bJunta Revolucionaria de Gobierno
_99745
942 _2ddc
_cBK
999 _c4341
_d4341